000 00290nam a22001337a 4500
008 181205b xxu||||| |||| 00| 0 eng d
020 _a9781936599042
041 _aeng
080 _a611
100 _a7
101 _aANA
245 _aScience Huamn Origins
_cGauger.A
942 _2udc
_cBK
999 _c52864
_d52864